[Event "CYCC U16"]
[Site "Vancouver CAN"]
[Date "2012.07.03"]
[Round "1"]
[White "Li, Kevin"]
[Black "Song, Lin"]
[Result "1-0"]
[WhiteElo "2232"]
[BlackElo "1954"]
[PlyCount "53"]
[GameId "2160767909508947"]
[EventDate "2012.07.03"]
[EventType "swiss"]
[EventRounds "7"]
[EventCountry "CAN"]
[SourceTitle "hb 2012"]

1. e4 c5 2. Nf3 Nc6 3. d4 cxd4 4. Nxd4 Nf6 5. Nc3 e5 6. Ndb5 d6 7. Bg5 a6 8. Bxf6 gxf6 9. Na3 b5 10. Nd5 f5 11. c3 Bg7 12. Bd3 f4 13. g3 f3 14. h3 Ne7 15. Ne3 Be6 16. Qxf3 Qc7 17. Nac2 Qb7 18. Nb4 O-O-O 19. a4 a5 20. Nbd5 b4 21. Qe2 Kb8 22. Ba6 Qd7 23. Nxe7 Qxe7 24. Qb5+ Ka8 25. Qxa5 bxc3 26. bxc3 Qa7 27. Nd5 1-0

[Event "CYCC U16"]
[Site "Vancouver CAN"]
[Date "2012.07.03"]
[Round "1"]
[White "Sohal, Tanraj"]
[Black "Lee, Andrew"]
[Result "1-0"]
[WhiteElo "2202"]
[BlackElo "1682"]
[PlyCount "71"]
[GameId "2160767909508948"]
[EventDate "2012.07.03"]
[EventType "swiss"]
[EventRounds "7"]
[EventCountry "CAN"]
[SourceTitle "hb 2012"]

1. d4 d5 2. c4 c6 3. cxd5 cxd5 4. Nc3 Nf6 5. Bf4 Nc6 6. e3 e6 7. Bd3 Bd6 8. Bxd6 Qxd6 9. f4 b6 10. Rc1 O-O 11. Nf3 Nb4 12. Be2 Ba6 13. Bxa6 Nxa6 14. O-O Rfc8 15. Qa4 Nc7 16. Ne5 Ne4 17. Nxe4 dxe4 18. Rc6 Qd8 19. Qc2 f6 20. Ng4 f5 21. Rc1 fxg4 22. Rxc7 Rxc7 23. Qxc7 Qxc7 24. Rxc7 Kf8 25. Kf2 h5 26. Kg3 g6 27. Kh4 Rd8 28. Kg5 Rd5+ 29. Kxg6 Ra5 30. Kf6 Ke8 31. Kxe6 Kd8 32. Rc2 Rxa2 33. f5 Ra1 34. f6 Rf1 35. f7 a6 36. d5 1-0

[Event "CYCC U16"]
[Site "Vancouver CAN"]
[Date "2012.07.03"]
[Round "1"]
[White "Toi, Andrew"]
[Black "Itkin, David"]
[Result "0-1"]
[WhiteElo "1167"]
[BlackElo "2198"]
[PlyCount "162"]
[GameId "2160767909508949"]
[EventDate "2012.07.03"]
[EventType "swiss"]
[EventRounds "7"]
[EventCountry "CAN"]
[SourceTitle "hb 2012"]

1. e4 c5 2. Nf3 d6 3. Nc3 Nc6 4. Bb5 Bd7 5. O-O e6 6. d3 a6 7. Bxc6 Bxc6 8. d4 cxd4 9. Nxd4 Nf6 10. Re1 Be7 11. b3 O-O 12. Bb2 Qc7 13. Qf3 Rfd8 14. Rad1 Nd7 15. Qg4 Ne5 16. Qg3 Bf6 17. Nb1 Bd7 18. c4 b5 19. Rc1 bxc4 20. bxc4 Qb6 21. Nb3 Nf3+ 22. Qxf3 Bxb2 23. Rcd1 Rac8 24. Qd3 Bc6 25. Re3 a5 26. Qd2 Bf6 27. Qxa5 Qb7 28. Qe1 Qa6 29. Qe2 Be8 30. g3 Qxc4 31. Qxc4 Rxc4 32. e5 dxe5 33. Rxd8 Bxd8 34. N1d2 Ra4 35. Rxe5 Rxa2 36. Rc5 Bb6 37. Rc8 Kf8 38. Ne4 Ke7 39. Rb8 Ba7 40. Rb7+ Kd8 41. Nbc5 Ra1+ 42. Kg2 Bc6 43. Rxf7 Bxc5 44. f3 Ra7 45. Rf4 Be3 46. Rf8+ Ke7 47. Rg8 Bd4 48. Rc8 Bd5 49. Rc1 Ra2+ 50. Kh3 Ra3 51. Rc7+ Kd8 52. Rf7 Ra7 53. Rf4 e5 54. Rh4 Be6+ 55. g4 h6 56. Nd6 Ra2 57. Nf5 Bg1 58. Nxg7 Rxh2+ 59. Kg3 Rxh4 60. Kxh4 Bd5 61. Kg3 Be3 62. Nf5 Bf4+ 63. Kf2 Kd7 64. Ke2 Bc4+ 65. Kf2 Bd3 66. Ne3 Bxe3+ 67. Kxe3 Bg6 68. f4 Ke6 69. fxe5 Kxe5 70. Kf3 Kf6 71. Kf4 Bf7 72. Kg3 Kg5 73. Kh3 Be6 74. Kg3 Bxg4 75. Kh2 h5 76. Kg3 h4+ 77. Kh2 Kf4 78. Kg2 h3+ 79. Kh2 Kf3 80. Kg1 Kg3 81. Kh1 Bf3+ 0-1

[Event "CYCC U16"]
[Site "Vancouver CAN"]
[Date "2012.07.03"]
[Round "1"]
[White "Van Dusen, Colin"]
[Black "Dukic, Zachary"]
[Result "0-1"]
[WhiteElo "972"]
[BlackElo "1947"]
[PlyCount "60"]
[GameId "2160767909508950"]
[EventDate "2012.07.03"]
[EventType "swiss"]
[EventRounds "7"]
[EventCountry "CAN"]
[SourceTitle "EXT 2022"]
[Source "ChessBase"]
[SourceDate "2021.10.06"]
[SourceVersion "1"]
[SourceVersionDate "2021.10.06"]
[SourceQuality "1"]

1. e4 c5 2. Nc3 Nc6 3. f4 g6 4. Nf3 Bg7 5. e5 d6 6. d4 cxd4 7. Nxd4 dxe5 8. Nxc6 Qxd1+ 9. Nxd1 bxc6 10. g3 exf4 11. Bg2 Bb7 12. Bxf4 O-O-O 13. Ne3 e5 14. Bh3+ Kb8 15. O-O exf4 16. gxf4 Bd4 17. Rfe1 Re8 18. Kf2 Nf6 19. Rad1 Bb6 20. Rd6 Nd5 21. Bg2 Nxe3 22. Rxe3 Rxe3 23. Bxc6 Re6+ 24. Kf1 Rxd6 25. Bxb7 Kxb7 26. c3 Rd2 27. Ke1 Rxh2 28. Kf1 Rd8 29. Ke1 Rdd2 30. Kf1 Rd1# 0-1

[Event "CYCC U16"]
[Site "Vancouver CAN"]
[Date "2012.07.03"]
[Round "2"]
[White "Dukic, Zachary"]
[Black "Sohal, Tanraj"]
[Result "1/2-1/2"]
[WhiteElo "1947"]
[BlackElo "2202"]
[PlyCount "59"]
[GameId "2160767909508951"]
[EventDate "2012.07.03"]
[EventType "swiss"]
[EventRounds "7"]
[EventCountry "CAN"]
[SourceTitle "EXT 2022"]
[Source "ChessBase"]
[SourceDate "2021.10.06"]
[SourceVersion "1"]
[SourceVersionDate "2021.10.06"]
[SourceQuality "1"]

1. e4 c5 2. Nf3 Nc6 3. d4 cxd4 4. Nxd4 Nf6 5. Nc3 e5 6. Ndb5 d6 7. Bg5 a6 8. Na3 b5 9. Nd5 Be7 10. Bxf6 Bxf6 11. c4 b4 12. Nc2 O-O 13. b3 Rb8 14. g3 Be6 15. h4 Re8 16. Bh3 Bxd5 17. Qxd5 Nd4 18. Nxd4 exd4 19. Rd1 Qe7 20. Bg2 g6 21. Qa5 Qb7 22. O-O Re5 23. Qa4 Qc7 24. c5 Rxc5 25. Qxa6 Rc6 26. Qe2 Rc2 27. Rd2 Rxd2 28. Qxd2 Qc3 29. Rd1 Rc8 30. Bf1 1/2-1/2

[Event "CYCC U16"]
[Site "Vancouver CAN"]
[Date "2012.07.03"]
[Round "2"]
[White "Itkin, David"]
[Black "Li, Kevin"]
[Result "1-0"]
[WhiteElo "2198"]
[BlackElo "2232"]
[PlyCount "93"]
[GameId "2160767909508952"]
[EventDate "2012.07.03"]
[EventType "swiss"]
[EventRounds "7"]
[EventCountry "CAN"]
[SourceTitle "hb 2012"]

1. e4 c5 2. Nf3 Nc6 3. Nc3 e6 4. d4 cxd4 5. Nxd4 Nf6 6. Be2 Bb4 7. O-O Qc7 8. Bg5 a6 9. Nxc6 Qxc6 10. Qd4 Bc5 11. Qd3 h6 12. Bh4 d6 13. Rad1 Bd7 14. Bg3 e5 15. Kh1 Bd4 16. Nd5 Nxd5 17. exd5 Qc7 18. c3 Ba7 19. f4 e4 20. Qxe4+ Kf8 21. Bf3 Re8 22. Qc2 g6 23. Rfe1 Kg7 24. c4 Kh7 25. Qc3 Rxe1+ 26. Rxe1 Re8 27. Qf6 Kg8 28. Rc1 Qc5 29. h4 Bf5 30. h5 Bb6 31. hxg6 fxg6 32. b3 h5 33. Qb2 h4 34. Bxh4 g5 35. Bxg5 Qe3 36. Rd1 Re7 37. Bxe7 Qxe7 38. g3 Be4 39. Rf1 Qd7 40. Qh2 Qe8 41. Qg2 Bd3 42. Rd1 Qg6 43. Re1 Qh6+ 44. Qh2 Qf6 45. Qh5 Bg6 46. Qg5 Qg7 47. f5 1-0

[Event "CYCC U16"]
[Site "Vancouver CAN"]
[Date "2012.07.03"]
[Round "2"]
[White "Semianiuk, Konstantin"]
[Black "Florea, Alexandru"]
[Result "1-0"]
[WhiteElo "2207"]
[BlackElo "2033"]
[PlyCount "75"]
[GameId "2160767909508953"]
[EventDate "2012.07.03"]
[EventType "swiss"]
[EventRounds "7"]
[EventCountry "CAN"]
[SourceTitle "hb 2012"]

1. d4 Nf6 2. Nf3 e6 3. Nbd2 d5 4. e3 Bd6 5. Bd3 b6 6. Qe2 Bb7 7. e4 dxe4 8. Nxe4 Nxe4 9. Bxe4 Bxe4 10. Qxe4 c6 11. c3 Qc7 12. Bg5 Nd7 13. O-O-O h6 14. Bh4 g5 15. Bg3 Bxg3 16. fxg3 O-O-O 17. Rhf1 Rhe8 18. Qh7 g4 19. Nh4 f6 20. Qxh6 c5 21. Kb1 Qc6 22. Qf4 f5 23. d5 exd5 24. Qxf5 Qa4 25. Rxd5 Rf8 26. Qd3 c4 27. Qd1 Rxf1 28. Qxf1 Nc5 29. Rxd8+ Kxd8 30. Qf8+ Kd7 31. Qg7+ Kc6 32. Qxg4 b5 33. Nf5 b4 34. Qf3+ Kb6 35. cxb4 Nd3 36. Ne3 Nxb4 37. Nxc4+ Ka6 38. Qa3 1-0

[Event "CYCC U16"]
[Site "Vancouver CAN"]
[Date "2012.07.03"]
[Round "2"]
[White "Song, Lin"]
[Black "Wu, Stanley"]
[Result "1-0"]
[WhiteElo "1954"]
[BlackElo "1307"]
[PlyCount "67"]
[GameId "2160767909508954"]
[EventDate "2012.07.03"]
[EventType "swiss"]
[EventRounds "7"]
[EventCountry "CAN"]
[SourceTitle "hb 2012"]

1. e4 e5 2. Nf3 Nc6 3. Nc3 Nf6 4. g3 Bc5 5. Bg2 d6 6. h3 a6 7. O-O Be6 8. d3 h6 9. Be3 Qd7 10. Kh2 O-O 11. Qd2 Kh7 12. Ne2 Nh5 13. Nh4 Qe7 14. Nf3 Nf6 15. c3 Rad8 16. Nh4 d5 17. exd5 Nxd5 18. Be4+ f5 19. Bg2 Nxe3 20. fxe3 f4 21. exf4 exf4 22. Be4+ Kg8 23. Ng6 Qe8 24. Nxf8 Bxh3 25. Rxf4 Ne5 26. Kxh3 g5 27. Rf5 Qh5+ 28. Kg2 Nc4 29. Bf3 Qe8 30. Rxg5+ Kh8 31. Rh1 Bxf8 32. Qf4 Ne3+ 33. Kg1 Rxd3 34. Qf6+ 1-0

[Event "CYCC U16"]
[Site "Vancouver CAN"]
[Date "2012.07.03"]
[Round "2"]
[White "Toi, Andrew"]
[Black "Burgert, Conrad"]
[Result "1/2-1/2"]
[WhiteElo "1167"]
[BlackElo "1250"]
[PlyCount "47"]
[GameId "2160767909508955"]
[EventDate "2012.07.03"]
[EventType "swiss"]
[EventRounds "7"]
[EventCountry "CAN"]
[SourceTitle "hb 2012"]

1. e4 c5 2. Nf3 Nc6 3. d4 cxd4 4. Nxd4 d6 5. Nc3 Nf6 6. Be2 g6 7. Be3 Bg7 8. O-O h5 9. Bb5 Bd7 10. Re1 Ng4 11. Nf3 Nxe3 12. Rxe3 Qa5 13. Bc4 Bh6 14. Re1 Ne5 15. Nxe5 Qxe5 16. Qd5 Qxd5 17. Nxd5 Rc8 18. Bb3 e6 19. Nf6+ Ke7 20. Nxd7 Kxd7 21. Rad1 Ke7 22. c3 a6 23. a4 Rc6 24. Ba2 1/2-1/2

[Event "CYCC U16"]
[Site "Vancouver CAN"]
[Date "2012.07.04"]
[Round "2"]
[White "Lee, Andrew"]
[Black "Van Dusen, Colin"]
[Result "1-0"]
[WhiteElo "1682"]
[BlackElo "972"]
[PlyCount "59"]
[GameId "2160767909508956"]
[EventDate "2012.07.03"]
[EventType "swiss"]
[EventRounds "7"]
[EventCountry "CAN"]
[SourceTitle "hb 2012"]

1. e4 e5 2. Nf3 Nc6 3. Bb5 Nf6 4. d3 d6 5. c3 a6 6. Ba4 b5 7. Bc2 Bg4 8. O-O Be6 9. Bg5 h6 10. Bh4 Be7 11. h3 d5 12. exd5 Bxd5 13. Re1 h5 14. Nxe5 Nxe5 15. Rxe5 Qd6 16. Qe2 Kd7 17. Nd2 Rae8 18. Re1 Ng8 19. c4 bxc4 20. dxc4 Bb7 21. Ba4+ c6 22. Rd5 Qxd5 23. cxd5 Bxh4 24. Qxe8+ Kc7 25. Ne4 cxd5 26. Rc1+ Kb6 27. Rc6+ Bxc6 28. Qxc6+ Ka7 29. Qc7+ Ka8 30. Bc6# 1-0

[Event "CYCC U16"]
[Site "Vancouver CAN"]
[Date "2012.07.04"]
[Round "3"]
[White "Florea, Alexandru"]
[Black "Dukic, Zachary"]
[Result "1-0"]
[WhiteElo "2033"]
[BlackElo "1947"]
[PlyCount "124"]
[GameId "2160767909508957"]
[EventDate "2012.07.03"]
[EventType "swiss"]
[EventRounds "7"]
[EventCountry "CAN"]
[SourceTitle "EXT 2022"]
[Source "ChessBase"]
[SourceDate "2021.10.06"]
[SourceVersion "1"]
[SourceVersionDate "2021.10.06"]
[SourceQuality "1"]

1. b3 d5 2. Bb2 e6 3. e3 Nf6 4. f4 c5 5. Nf3 a6 6. Ne5 Nbd7 7. Bd3 Bd6 8. O-O O-O 9. Rf3 Bxe5 10. fxe5 Ne4 11. Bxe4 dxe4 12. Rh3 Qg5 13. Rg3 Qf5 14. Na3 Nxe5 15. Nc4 Ng6 16. Qe2 e5 17. Nd6 Qe6 18. Nxe4 Qc6 19. Ng5 h6 20. Nf3 Re8 21. Rf1 f5 22. Qc4+ Kh7 23. d4 cxd4 24. Qxc6 bxc6 25. exd4 f4 26. Rxg6 Kxg6 27. Nxe5+ Kh7 28. Rxf4 Ra7 29. Ba3 Be6 30. c4 Rc8 31. Bc5 Rb7 32. Rf8 Rxf8 33. Bxf8 Bf5 34. Nxc6 Bb1 35. Na5 Rb8 36. Bd6 Rc8 37. a3 Kg8 38. d5 Be4 39. Kf2 Kf7 40. g4 Rd8 41. Bg3 Bxd5 42. cxd5 Rxd5 43. Nc4 Ke6 44. Ke3 Rd1 45. Ke4 Rb1 46. b4 Rd1 47. Ne3 Ra1 48. Nc2 Rc1 49. Nd4+ Kf7 50. a4 Ke7 51. Kd5 Ra1 52. b5 axb5 53. axb5 Rb1 54. Kc6 Rc1+ 55. Kb7 g6 56. b6 Kd7 57. Nf3 g5 58. Ne5+ Ke6 59. Nc6 Kd7 60. Nb8+ Ke7 61. Bc7 Ra1 62. Kc8 Rf1 1-0

[Event "CYCC U16"]
[Site "Vancouver CAN"]
[Date "2012.07.04"]
[Round "3"]
[White "Itkin, David"]
[Black "Semianiuk, Konstantin"]
[Result "0-1"]
[WhiteElo "2198"]
[BlackElo "2207"]
[PlyCount "112"]
[GameId "2160767909508958"]
[EventDate "2012.07.03"]
[EventType "swiss"]
[EventRounds "7"]
[EventCountry "CAN"]
[SourceTitle "EXT 2022"]
[Source "ChessBase"]
[SourceDate "2021.10.06"]
[SourceVersion "1"]
[SourceVersionDate "2021.10.06"]
[SourceQuality "1"]

1. e4 c5 2. Nc3 Nc6 3. Nge2 Nf6 4. d4 cxd4 5. Nxd4 d6 6. Bc4 e6 7. Be3 a6 8. Bb3 Qc7 9. Qe2 Be7 10. O-O-O b5 11. Nxc6 Qxc6 12. Bd4 Bb7 13. Bxf6 Bxf6 14. Bd5 Qb6 15. Bxb7 Qxb7 16. Rxd6 Bxc3 17. bxc3 Qc7 18. Qd3 O-O 19. Rd1 Qc5 20. Qd4 Qg5+ 21. Kb1 Qxg2 22. h4 Qh3 23. Rg1 g6 24. Qf6 Qh2 25. Rdd1 e5 26. h5 Qf4 27. Qxf4 exf4 28. Rg4 Rac8 29. Rd3 Rc5 30. Rd5 Rxd5 31. exd5 Rd8 32. Rxf4 Rxd5 33. hxg6 fxg6 34. c4 Rc5 35. cxb5 axb5 36. Kc1 g5 37. Rb4 h5 38. Kd2 Kf7 39. Ke3 Kf6 40. a4 bxa4 41. Rxa4 Rxc2 42. Ra6+ Kf5 43. f3 h4 44. Ra5+ Kf6 45. Ra6+ Kg7 46. Ra7+ Kg6 47. Ra6+ Kh5 48. Ra8 Rg2 49. Ke4 Rf2 50. Ke3 Rh2 51. Ke4 h3 52. Rh8+ Kg6 53. Ke3 Kf6 54. Rh5 Rh1 55. Kf2 Kf5 56. Ke3 Re1+ 0-1

[Event "CYCC U16"]
[Site "Vancouver CAN"]
[Date "2012.07.04"]
[Round "3"]
[White "Sohal, Tanraj"]
[Black "Li, Kevin"]
[Result "1/2-1/2"]
[WhiteElo "2202"]
[BlackElo "2232"]
[PlyCount "70"]
[GameId "2160767909508959"]
[EventDate "2012.07.03"]
[EventType "swiss"]
[EventRounds "7"]
[EventCountry "CAN"]
[SourceTitle "EXT 2022"]
[Source "ChessBase"]
[SourceDate "2021.10.06"]
[SourceVersion "1"]
[SourceVersionDate "2021.10.06"]
[SourceQuality "1"]

1. d4 Nf6 2. c4 e6 3. Nf3 d5 4. g3 c6 5. Qc2 Bd6 6. Bg2 O-O 7. O-O Ne4 8. b3 Qe7 9. Nbd2 f5 10. Bb2 Bd7 11. Nxe4 fxe4 12. Ne5 Be8 13. f4 Nd7 14. Nxd7 Bxd7 15. c5 Bc7 16. Bc1 Qf6 17. Be3 Be8 18. Bf2 g5 19. fxg5 Qxg5 20. Qc1 Qxc1 21. Raxc1 Bh5 22. Rc2 e5 23. Be3 Rae8 24. Rxf8+ Rxf8 25. Bf1 Bg4 26. a3 Rf7 27. Rd2 b5 28. dxe5 Bxe5 29. Bd4 Bxd4+ 30. Rxd4 a5 31. h3 Be6 32. Bg2 Kg7 33. Rd1 Kf6 34. e3 Ke5 35. Rd4 h5 1/2-1/2

[Event "CYCC U16"]
[Site "Vancouver CAN"]
[Date "2012.07.04"]
[Round "3"]
[White "Van Dusen, Colin"]
[Black "Toi, Andrew"]
[Result "0-1"]
[WhiteElo "972"]
[BlackElo "1167"]
[PlyCount "88"]
[GameId "2160767909508960"]
[EventDate "2012.07.03"]
[EventType "swiss"]
[EventRounds "7"]
[EventCountry "CAN"]
[SourceTitle "EXT 2022"]
[Source "ChessBase"]
[SourceDate "2021.10.06"]
[SourceVersion "1"]
[SourceVersionDate "2021.10.06"]
[SourceQuality "1"]

1. e4 c5 2. Nc3 Nc6 3. Nf3 d6 4. Bb5 Bd7 5. Bxc6 Bxc6 6. d3 g6 7. Be3 Bg7 8. Qd2 e6 9. d4 Nf6 10. e5 Nd5 11. Nxd5 Bxd5 12. dxc5 dxc5 13. Bxc5 Bxf3 14. gxf3 Qxd2+ 15. Kxd2 Bxe5 16. Rad1 b6 17. Be3 Bxb2 18. Ke2 O-O 19. Bg5 Rac8 20. Rd2 Kg7 21. Rhd1 h6 22. Be7 Rfe8 23. Bd6 Bf6 24. f4 e5 25. fxe5 Bxe5 26. h3 Bxd6+ 27. Kf1 Bf4 28. Rd7 Rc7 29. Rxc7 Bxc7 30. Rd7 Rc8 31. a4 Bb8 32. Rb7 Kf6 33. Kg2 Ke6 34. Kf3 f5 35. h4 Rc3+ 36. Kg2 Bd6 37. Rxa7 Rxc2 38. Ra6 Bc5 39. a5 Rxf2+ 40. Kh1 Rb2 41. h5 gxh5 42. Ra7 bxa5 43. Rf7 Rb1+ 44. Kh2 Kxf7 0-1

[Event "CYCC U16"]
[Site "Vancouver CAN"]
[Date "2012.07.04"]
[Round "3"]
[White "Wu, Stanley"]
[Black "Burgert, Conrad"]
[Result "1-0"]
[WhiteElo "1307"]
[BlackElo "1250"]
[PlyCount "55"]
[GameId "2160767909508961"]
[EventDate "2012.07.03"]
[EventType "swiss"]
[EventRounds "7"]
[EventCountry "CAN"]
[SourceTitle "EXT 2022"]
[Source "ChessBase"]
[SourceDate "2021.10.06"]
[SourceVersion "1"]
[SourceVersionDate "2021.10.06"]
[SourceQuality "1"]

1. e4 c5 2. Nc3 Nc6 3. f4 d6 4. Bb5 Bd7 5. Nf3 a6 6. Bxc6 Bxc6 7. d3 g6 8. O-O Bg7 9. Qe1 e6 10. Bd2 h5 11. f5 gxf5 12. exf5 e5 13. d4 Bxf3 14. Rxf3 cxd4 15. Nd5 Rb8 16. Ba5 b6 17. Nxb6 Rxb6 18. Rb3 Rxb3 19. Bxd8 Rxb2 20. Qa5 e4 21. Qc7 Be5 22. f6 Bxf6 23. Bxf6 Nxf6 24. Qc8+ Ke7 25. Qxh8 Rxc2 26. Rf1 Ng4 27. Qxd4 f5 28. Rxf5 1-0

[Event "CYCC U16"]
[Site "Vancouver CAN"]
[Date "2012.07.04"]
[Round "3"]
[White "Zheng, Kyle"]
[Black "Song, Lin"]
[Result "0-1"]
[WhiteElo "1299"]
[BlackElo "1954"]
[PlyCount "114"]
[GameId "2160767909508962"]
[EventDate "2012.07.03"]
[EventType "swiss"]
[EventRounds "7"]
[EventCountry "CAN"]
[SourceTitle "EXT 2022"]
[Source "ChessBase"]
[SourceDate "2021.10.06"]
[SourceVersion "1"]
[SourceVersionDate "2021.10.06"]
[SourceQuality "1"]

1. f4 Nf6 2. g3 d6 3. Bg2 g6 4. Nf3 Bg7 5. d3 Nc6 6. c3 Rb8 7. O-O O-O 8. Na3 e6 9. e4 Ne7 10. Nh4 a6 11. d4 b5 12. e5 Nd7 13. exd6 cxd6 14. Nc2 Nb6 15. b3 Bb7 16. Qd3 Qc7 17. Ne3 Bxg2 18. Nhxg2 Rfc8 19. Bb2 Ned5 20. Rac1 Qb7 21. Ba3 Qd7 22. Rfd1 a5 23. Bb2 Rc7 24. Nxd5 Nxd5 25. Ne3 Nxe3 26. Qxe3 d5 27. a3 Rbc8 28. b4 axb4 29. axb4 Ra8 30. Ra1 Rca7 31. Rdb1 Qc7 32. Qc1 Qc4 33. Qf1 Rxa1 34. Rxa1 Qxf1+ 35. Kxf1 Rxa1+ 36. Bxa1 Bh6 37. h4 f6 38. Ke2 g5 39. hxg5 fxg5 40. Kf3 Kf7 41. Kg4 Kg6 42. Bb2 gxf4 43. gxf4 Bf8 44. Bc1 h5+ 45. Kf3 Kf5 46. Be3 Bd6 47. Bd2 h4 48. Be3 h3 49. Kg3 h2 50. Kxh2 Bxf4+ 51. Bxf4 Kxf4 52. Kg2 Ke3 53. Kg3 Kd3 54. Kf4 Kxc3 55. Ke5 Kxb4 56. Kxe6 Kc4 57. Ke5 b4 0-1

[Event "CYCC U16"]
[Site "Vancouver CAN"]
[Date "2012.07.04"]
[Round "4"]
[White "Burgert, Conrad"]
[Black "Zheng, Kyle"]
[Result "1/2-1/2"]
[WhiteElo "1250"]
[BlackElo "1299"]
[PlyCount "50"]
[GameId "2160767909508963"]
[EventDate "2012.07.03"]
[EventType "swiss"]
[EventRounds "7"]
[EventCountry "CAN"]
[SourceTitle "EXT 2022"]
[Source "ChessBase"]
[SourceDate "2021.10.06"]
[SourceVersion "1"]
[SourceVersionDate "2021.10.06"]
[SourceQuality "1"]

1. d4 f5 2. c4 g6 3. Nc3 Nf6 4. Nf3 Bg7 5. Bg5 d6 6. Qd2 Nbd7 7. h3 O-O 8. Bh6 e5 9. O-O-O Re8 10. Bxg7 Kxg7 11. g4 Nb6 12. dxe5 Ne4 13. Nxe4 fxe4 14. c5 Nc4 15. Qd4 exf3 16. Qxc4 Qg5+ 17. e3 Rxe5 18. h4 Qxg4 19. Qxg4 Bxg4 20. cxd6 Rc5+ 21. Kb1 Rd8 22. Bh3 Bxh3 23. Rxh3 Rxd6 24. Rxd6 cxd6 25. Rxf3 Rc4 1/2-1/2

[Event "CYCC U16"]
[Site "Vancouver CAN"]
[Date "2012.07.04"]
[Round "4"]
[White "Dukic, Zachary"]
[Black "Toi, Andrew"]
[Result "1-0"]
[WhiteElo "1947"]
[BlackElo "1167"]
[PlyCount "41"]
[GameId "2160767909508964"]
[EventDate "2012.07.03"]
[EventType "swiss"]
[EventRounds "7"]
[EventCountry "CAN"]
[SourceTitle "EXT 2022"]
[Source "ChessBase"]
[SourceDate "2021.10.06"]
[SourceVersion "1"]
[SourceVersionDate "2021.10.06"]
[SourceQuality "1"]

1. e4 c5 2. Nf3 Nc6 3. d4 cxd4 4. Nxd4 Nf6 5. Nc3 a6 6. Nxc6 bxc6 7. e5 Ng8 8. Bc4 e6 9. O-O g6 10. Ne4 Qh4 11. f4 f6 12. g3 Qh3 13. exf6 d5 14. f7+ Ke7 15. Qd4 dxe4 16. fxg8=N+ Rxg8 17. Qxe4 Bd7 18. Be3 Kf7 19. Rad1 Bc8 20. f5 gxf5 21. Rxf5+ 1-0

[Event "CYCC U16"]
[Site "Vancouver CAN"]
[Date "2012.07.04"]
[Round "4"]
[White "Li, Kevin"]
[Black "Lee, Andrew"]
[Result "1-0"]
[WhiteElo "2232"]
[BlackElo "1682"]
[PlyCount "45"]
[GameId "2160767909508965"]
[EventDate "2012.07.03"]
[EventType "swiss"]
[EventRounds "7"]
[EventCountry "CAN"]
[SourceTitle "EXT 2022"]
[Source "ChessBase"]
[SourceDate "2021.10.06"]
[SourceVersion "1"]
[SourceVersionDate "2021.10.06"]
[SourceQuality "1"]

1. e4 c5 2. Nf3 d6 3. d4 cxd4 4. Qxd4 h6 5. c4 Nc6 6. Qd3 Nf6 7. Nc3 Bd7 8. Be3 g6 9. h3 Bg7 10. Qd2 Rc8 11. Rc1 Kf8 12. Bd3 Nb4 13. O-O Nxd3 14. Qxd3 Bc6 15. Rfd1 Qc7 16. Nd5 Bxd5 17. cxd5 Qd8 18. Rxc8 Qxc8 19. Bxa7 Nd7 20. Bd4 Nc5 21. Qc3 Bxd4 22. Nxd4 Rg8 23. b4 1-0

[Event "CYCC U16"]
[Site "Vancouver CAN"]
[Date "2012.07.04"]
[Round "4"]
[White "Semianiuk, Konstantin"]
[Black "Sohal, Tanraj"]
[Result "1/2-1/2"]
[WhiteElo "2207"]
[BlackElo "2202"]
[PlyCount "50"]
[GameId "2160767909508966"]
[EventDate "2012.07.03"]
[EventType "swiss"]
[EventRounds "7"]
[EventCountry "CAN"]
[SourceTitle "EXT 2022"]
[Source "ChessBase"]
[SourceDate "2021.10.06"]
[SourceVersion "1"]
[SourceVersionDate "2021.10.06"]
[SourceQuality "1"]

1. e4 c5 2. Nf3 e6 3. b3 Nc6 4. Bb2 d6 5. d4 cxd4 6. Nxd4 Nf6 7. Nd2 Nxd4 8. Bxd4 Be7 9. Bb5+ Bd7 10. Bxd7+ Qxd7 11. c4 O-O 12. O-O b5 13. Qe2 bxc4 14. Nxc4 d5 15. exd5 Nxd5 16. Rad1 Qb7 17. Qf3 Qa6 18. Rd2 Rad8 19. Rfd1 Rc8 20. h3 Bf6 21. Bxf6 Nxf6 22. Qe3 Nd5 23. Qe5 Rc6 24. Kh1 Qc8 25. Rd4 Qc7 1/2-1/2

[Event "CYCC U16"]
[Site "Vancouver CAN"]
[Date "2012.07.04"]
[Round "4"]
[White "Song, Lin"]
[Black "Itkin, David"]
[Result "0-1"]
[WhiteElo "1954"]
[BlackElo "2198"]
[PlyCount "44"]
[GameId "2160767909508967"]
[EventDate "2012.07.03"]
[EventType "swiss"]
[EventRounds "7"]
[EventCountry "CAN"]
[SourceTitle "EXT 2022"]
[Source "ChessBase"]
[SourceDate "2021.10.06"]
[SourceVersion "1"]
[SourceVersionDate "2021.10.06"]
[SourceQuality "1"]

1. e4 c5 2. Na3 d6 3. c3 Nf6 4. Nf3 Nbd7 5. d3 b6 6. Be2 Bb7 7. h3 e6 8. Nc2 Be7 9. Be3 c4 10. Nd2 cxd3 11. Bxd3 O-O 12. f3 d5 13. exd5 Nxd5 14. Ne4 Ne5 15. Nf2 Bh4 16. Be2 Nxe3 17. Nxe3 Qg5 18. Qc1 Qg3 19. Rf1 Qg5 20. Rh1 Bxf3 21. gxf3 Nxf3+ 22. Kf1 Qg3 0-1

[Event "CYCC U16"]
[Site "Vancouver CAN"]
[Date "2012.07.04"]
[Round "4"]
[White "Wu, Stanley"]
[Black "Florea, Alexandru"]
[Result "0-1"]
[WhiteElo "1307"]
[BlackElo "2033"]
[PlyCount "116"]
[GameId "2160767909508968"]
[EventDate "2012.07.03"]
[EventType "swiss"]
[EventRounds "7"]
[EventCountry "CAN"]
[SourceTitle "EXT 2022"]
[Source "ChessBase"]
[SourceDate "2021.10.06"]
[SourceVersion "1"]
[SourceVersionDate "2021.10.06"]
[SourceQuality "1"]

1. e4 c5 2. Nc3 Nc6 3. f4 g6 4. Nf3 Bg7 5. Bb5 Nd4 6. O-O Nxb5 7. Nxb5 d5 8. e5 d4 9. d3 a6 10. Na3 b5 11. c3 dxc3 12. bxc3 Bb7 13. Nc2 e6 14. Ba3 Bf8 15. Qe2 Qa5 16. Qe1 Rc8 17. Rd1 Ne7 18. Ng5 Qa4 19. Qd2 Nd5 20. Ne4 Be7 21. Rb1 O-O 22. c4 Nb4 23. Bxb4 Bxe4 24. dxe4 cxb4 25. Nxb4 Rfd8 26. Qc2 Qxc2 27. Nxc2 Rxc4 28. Na1 Bc5+ 29. Kh1 Rxe4 30. Nb3 Bb6 31. Rbc1 Rc4 32. g3 a5 33. Rfd1 Rxc1 34. Rxc1 a4 35. Nc5 Rc8 36. Nd3 Rxc1+ 37. Nxc1 b4 38. Kg2 Be3 39. Ne2 Bd2 40. Nd4 Bc3 41. Nc2 a3 42. Kf1 b3 43. axb3 a2 44. Ke2 a1=Q 45. Nxa1 Bxa1 46. b4 Kf8 47. Kd3 Ke7 48. Kc4 Kd7 49. Kc5 Bc3 50. b5 Bd2 51. Kb6 Be3+ 52. Kb7 Bf2 53. b6 h6 54. h3 Bxg3 55. Ka8 Bxf4 56. b7 Bxe5 57. b8=Q Bxb8 58. Kxb8 e5 0-1